000
00229nam a2200085Ia 4500
008
220204s9999 xx 000 0 und d
245
0
_a
14th Rubber Conference: Programme and Papers, IRMRA, 1988
260
_a
IRMRA
_c
1988
942
_c
BK
999
_c
43470
_d
43470